000 03732nam a22004815i 4500
001 978-3-658-30494-2
003 DE-He213
005 20200904105217.0
007 cr nn 008mamaa
008 200810s2020 gw | s |||| 0|ger d
020 _a9783658304942
_9978-3-658-30494-2
024 7 _a10.1007/978-3-658-30494-2
_2doi
050 4 _aQA76.7-76.73
050 4 _aQA76.76.C65
072 7 _aUMX
_2bicssc
072 7 _aCOM051010
_2bisacsh
072 7 _aUMX
_2thema
072 7 _aUMC
_2thema
082 0 4 _a005.13
_223
100 1 _aAbts, Dietmar.
_eauthor.
_4aut
_4http://id.loc.gov/vocabulary/relators/aut
245 1 0 _aGrundkurs JAVA
_h[electronic resource] :
_bVon den Grundlagen bis zu Datenbank- und Netzanwendungen /
_cvon Dietmar Abts.
250 _a11th ed. 2020.
264 1 _aWiesbaden :
_bSpringer Fachmedien Wiesbaden :
_bImprint: Springer Vieweg,
_c2020.
300 _aXII, 611 S. 101 Abb.
_bonline resource.
336 _atext
_btxt
_2rdacontent
337 _acomputer
_bc
_2rdamedia
338 _aonline resource
_bcr
_2rdacarrier
347 _atext file
_bPDF
_2rda
505 0 _aGrundlegende Sprachkonzepte und Kernthemen der Objektorientierung -- Behandlung von Ausnahmen -- Ausgewählte Standard-Klassen -- Generische Programmierung (parametrisierte Typen) -- Funktionale Programmierung mit Lambda-Ausdrücken und Streams -- Dateiverarbeitung -- Nebenläufigkeit und Synchronisation -- Programmierung grafischer Oberflächen mit Swing und JavaFX -- Datenbankschnittstelle JDBC -- Netzwerkprogrammierung auf der Basis von TCP/IP -- Prinzipien objektorientierten Designs -- Modularisierung.
520 _aLernen Sie schrittweise die wichtigsten Aspekte von Java kennen, von den elementaren Grundlagen über Konzepte der Objektorientierung und grafische Benutzungsoberflächen bis zu Datenbankanwendungen und Kommunikation im Netzwerk. Rund 220 Übungen unterstützen Sie dabei, die einzelnen Themen zu vertiefen. Der vollständige Quellcode der im Buch behandelten Programme und alle Lösungen zu den Aufgaben sind auf der Webseite zu diesem Buch verfügbar. Der Inhalt Grundlegende Sprachkonzepte und Kernthemen der Objektorientierung Behandlung von Ausnahmen Ausgewählte Standard-Klassen Generische Programmierung (parametrisierte Typen) Funktionale Programmierung mit Lambda-Ausdrücken und Streams Dateiverarbeitung Nebenläufigkeit und Synchronisation Programmierung grafischer Oberflächen mit Swing und JavaFX Datenbankschnittstelle JDBC Netzwerkprogrammierung auf der Basis von TCP/IP Prinzipien objektorientierten Designs Modularisierung Die Zielgruppen Studierende der Informatik und Wirtschaftsinformatik IT-Beschäftigte in Ausbildung und Beruf Programmiersprachen-Umsteiger Der Autor Prof. Dr. Dietmar Abts lehrte das Fachgebiet Wirtschaftsinformatik, insbesondere Anwendungsentwicklung, an der Hochschule Niederrhein in Mönchengladbach. Er ist Autor mehrerer erfolgreicher Fachbücher.
650 0 _aProgramming languages (Electronic computers).
650 0 _aComputer software.
650 0 _aComputer programming.
650 1 4 _aProgramming Languages, Compilers, Interpreters.
_0https://scigraph.springernature.com/ontologies/product-market-codes/I14037
650 2 4 _aProfessional Computing.
_0https://scigraph.springernature.com/ontologies/product-market-codes/I29000
650 2 4 _aProgramming Techniques.
_0https://scigraph.springernature.com/ontologies/product-market-codes/I14010
710 2 _aSpringerLink (Online service)
773 0 _tSpringer Nature eBook
776 0 8 _iPrinted edition:
_z9783658304935
856 4 0 _uhttps://doi.org/10.1007/978-3-658-30494-2
912 _aZDB-2-STI
999 _c461431
_d461431